| 000 | 00542cam a2200205 i 4500 | ||
|---|---|---|---|
| 008 | 220406s2023 caua b 001 0 eng | ||
| 020 | _a9781529781212 | ||
| 020 | _a9781529781205 | ||
| 050 | 0 | 0 |
_aHF5415.123 _b.E43 2023 |
| 082 | 0 | 0 | _a658.8/02 |
| 100 | 1 | _aEgan, John, | |
| 245 | 1 | 0 |
_aMarketing communications / _cJohn Egan. |
| 250 | _aFourth edition. | ||
| 260 |
_aLondon _bOsage _c2023 |
||
| 300 |
_axi, 398p. _billustrations ; |
||
| 650 | 0 | _aCommunication in marketing. | |
| 650 | 0 | _aMarketing. | |
| 650 | 0 | _aAdvertising. | |
| 942 | _cBK | ||
| 999 |
_c3482 _d3482 |
||